000
00177 a2200097 4500
020
_a
9780439711234
041
_a
eng
100
_a
Dane Bauer,Marion
245
_a
Wind
942
_c
BK
999
_c
8807
_d
8807